The solutions fieldbook : (Record no. 35548)
[ view plain ]
| 000 -LEADER | |
|---|---|
| fixed length control field | 01236nam a22003371a 4500 |
| 001 - CONTROL NUMBER | |
| control field | 12702185 |
| 005 - DATE AND TIME OF LATEST TRANSACTION | |
| control field | 20150130020003.0 |
| 008 - FIXED-LENGTH DATA ELEMENTS--GENERAL INFORMATION | |
| fixed length control field | 020313s2002 mdu b 000 0 eng |
| 010 ## - LIBRARY OF CONGRESS CONTROL NUMBER | |
| LC control number | 2002004114 |
| 020 ## - INTERNATIONAL STANDARD BOOK NUMBER | |
| International Standard Book Number | 0810843749 |
| 020 ## - INTERNATIONAL STANDARD BOOK NUMBER | |
| International Standard Book Number | 0810843749 |
| 040 ## - CATALOGING SOURCE | |
| Original cataloging agency | DLC |
| Transcribing agency | DLC |
| Modifying agency | DLC |
| 042 ## - AUTHENTICATION CODE | |
| Authentication code | pcc |
| 043 ## - GEOGRAPHIC AREA CODE | |
| Geographic area code | n-us--- |
| 050 00 - LIBRARY OF CONGRESS CALL NUMBER | |
| Classification number | LB2805 |
| Item number | .S264 2002 |
| 082 00 - DEWEY DECIMAL CLASSIFICATION NUMBER | |
| Classification number | 371.2 |
| Edition number | 21 |
| Item number | S175 |
| 100 1# - MAIN ENTRY--PERSONAL NAME | |
| Personal name | Salowe, Allen E. |
| 245 14 - TITLE STATEMENT | |
| Title | The solutions fieldbook : |
| Remainder of title | tools and strategies for schools / |
| Statement of responsibility, etc | Allen Salowe, Leon Lessinger. |
| Medium | [Text] |
| 260 ## - PUBLICATION, DISTRIBUTION, ETC. (IMPRINT) | |
| Place of publication, distribution, etc | Lanham, Md. |
| Name of publisher, distributor, etc | Scarecrow Press |
| Date of publication, distribution, etc | 2002 |
| 300 ## - PHYSICAL DESCRIPTION | |
| Extent | viii, 278 p. ; 24 cm. |
| 500 ## - GENERAL NOTE | |
| General note | "A ScarecrowEducation book." |
| 504 ## - BIBLIOGRAPHY, ETC. NOTE | |
| Bibliography, etc | Includes bibliographical references. |
| 650 #0 - SUBJECT ADDED ENTRY--TOPICAL TERM | |
| Topical term or geographic name as entry element | Teaching. |
| Form subdivision | Handbooks, manuals, etc. |
| 650 #0 - SUBJECT ADDED ENTRY--TOPICAL TERM | |
| Topical term or geographic name as entry element | School management and organization |
| Geographic subdivision | United States. |
| Form subdivision | Handbooks, manuals, etc. |
| 700 1# - ADDED ENTRY--PERSONAL NAME | |
| Personal name | Lessinger, Leon M. |
| 906 ## - LOCAL DATA ELEMENT F, LDF (RLIN) | |
| a | 7 |
| b | cbc |
| c | orignew |
| d | 1 |
| e | ecip |
| f | 20 |
| g | y-gencatlg |
| 925 0# - | |
| -- | acquire |
| -- | 2 shelf copies |
| -- | policy default |
| 955 ## - COPY-LEVEL INFORMATION (RLIN) | |
| -- | sj05 2002-10-01; |
| -- | sj05 2002-10-01 to BCCD |
| 955 ## - COPY-LEVEL INFORMATION (RLIN) | |
| -- | sj10 2002-03-13 |
| -- | sj05 2002-03-14 to Dewey; aa11 2002-03-14 |
| 942 00 - ADDED ENTRY ELEMENTS (KOHA) | |
| Koha issues (borrowed), all copies | 2 |
| Withdrawn status | Lost status | Source of classification or shelving scheme | Damaged status | Not for loan | Collection code | Home library | Current library | Shelving location | Date acquired | Cost, normal purchase price | Total Checkouts | Full call number | Barcode | Date last seen | Date checked out | Copy number | Price effective from | Koha item type |
|---|---|---|---|---|---|---|---|---|---|---|---|---|---|---|---|---|---|---|
| Library of Congress Classification | General Circulation | AIU/NEGST - Tony Wilmot Memorial Library | AIU/NEGST - Tony Wilmot Memorial Library | General Stacks | 12/02/2009 | 11.00 | 2 | LB 2805.S264 2002 | R56721A3232 | 09/02/2019 | 01/29/2015 | 1 | 12/02/2009 | Books |
